| 000 | 00427nam a2200157Ia 4500 | ||
|---|---|---|---|
| 008 | 220204s9999 xx 000 0 und d | ||
| 082 |
_a573.6 _bPUH |
||
| 245 | 0 | _aGenetic fundamentals and genetic engineering.V 2 | |
| 250 | _aRev. Ed.2 | ||
| 260 |
_aNew York _bVCH Publishers _c1993 |
||
| 490 | _aBiotechnology H J Rehm | ||
| 650 | _aBiosafety concepts | ||
| 650 | _aMolecular genetics | ||
| 700 | _aPuhler, A | ||
| 942 | _cBK | ||
| 999 |
_c41086 _d41086 |
||